MARC
|
|
|
|
| LEADER |
00000naa2a2200000 4500 |
| 001 |
385943 |
| 005 |
20231101063419.0 |
| 035 |
|
|
|a (RuTPU)RU\TPU\prd\14183
|
| 090 |
|
|
|a 385943
|
| 100 |
|
|
|a 20030523a2003 k y0rusy50 ca
|
| 101 |
0 |
|
|a rus
|
| 102 |
|
|
|a RU
|
| 200 |
1 |
|
|a Расчёт конструктивных элементов круглых "хлопающих" термобиметаллических мембран
|f Н. В. Сидоров
|
| 225 |
1 |
|
|a Датчики
|
| 320 |
|
|
|a Библиогр.: 5 назв.
|
| 461 |
|
1 |
|0 (RuTPU)RU\TPU\prd\1687
|t Приборы и системы. Управление, контроль, диагностика
|o научно-технический и производственный журнал
|d 2000-
|
| 463 |
|
1 |
|0 (RuTPU)RU\TPU\prd\13774
|t № 4
|v С. 49-51
|d 2003
|
| 610 |
1 |
|
|a расчёты
|
| 610 |
1 |
|
|a конструктивные элементы
|
| 610 |
1 |
|
|a мембраны
|
| 610 |
1 |
|
|a термобиметаллы
|
| 610 |
1 |
|
|a приборы
|
| 700 |
|
1 |
|a Сидоров
|b Н. В.
|
| 801 |
|
1 |
|a RU
|b 63413507
|c 20030523
|g PSBO
|
| 801 |
|
2 |
|a RU
|b 63413507
|c 20121008
|g RCR
|
| 942 |
|
|
|c BK
|